Loading...
| Current Events | 1 | 10.00 | 100% | 0% | 0% |
| Fine Arts - Classical Music | 5 | 6.00 | 60% | 0% | 0% |
| Fine Arts - Other | 6 | 8.33 | 67% | 17% | 0% |
| Fine Arts - Painting & Sculpture | 9 | 11.11 | 89% | 22% | 0% |
| Geography | 4 | 12.50 | 100% | 25% | 0% |
| History - American | 7 | 8.57 | 71% | 14% | 0% |
| History - European | 7 | 10.00 | 43% | 57% | 0% |
| History - Other | 9 | 8.89 | 78% | 11% | 0% |
| History - World | 6 | 10.00 | 67% | 33% | 0% |
| Literature - American | 5 | 10.00 | 80% | 20% | 0% |
| Literature - British | 9 | 11.11 | 89% | 22% | 0% |
| Literature - European | 5 | 10.00 | 60% | 40% | 0% |
| Literature - World | 6 | 13.33 | 83% | 50% | 0% |
| Mythology | 3 | 3.33 | 33% | 0% | 0% |
| Other Academic | 2 | 15.00 | 100% | 50% | 0% |
| Philosophy | 4 | 12.50 | 75% | 50% | 0% |
| Religion | 7 | 10.00 | 86% | 14% | 0% |
| Science - Biology | 4 | 17.50 | 100% | 50% | 25% |
| Science - Chemistry | 3 | 10.00 | 100% | 0% | 0% |
| Science - Other | 5 | 18.00 | 100% | 60% | 20% |
| Science - Physics | 6 | 11.67 | 83% | 33% | 0% |
| Social Science | 5 | 14.00 | 100% | 40% | 0% |